000 00264nam a2200109Ia 4500
008 230907s9999||||xx |||||||||||||| ||und||
082 _a301.0721
_bNEU
245 0 _aSocial research methods :
260 _aPearson,
_bNoida :
_c2015
300 _a600 p.
942 _cBK
999 _c601541
_d601541